LEADER 03237nam 2200793 a 450 001 9910465736503321 005 20200520144314.0 010 $a1-317-08425-X 010 $a1-317-08424-1 010 $a1-283-38299-7 010 $a9786613382993 010 $a1-4094-3761-2 035 $a(CKB)2560000000079272 035 $a(EBL)834080 035 $a(OCoLC)772524276 035 $a(SSID)ssj0000576069 035 $a(PQKBManifestationID)12213112 035 $a(PQKBTitleCode)TC0000576069 035 $a(PQKBWorkID)10553547 035 $a(PQKB)10254202 035 $a(MiAaPQ)EBC834080 035 $a(MiAaPQ)EBC5293811 035 $a(Au-PeEL)EBL834080 035 $a(CaPaEBR)ebr10522389 035 $a(CaONFJC)MIL922575 035 $a(Au-PeEL)EBL5293811 035 $a(CaONFJC)MIL338299 035 $a(OCoLC)1027205989 035 $a(EXLCZ)992560000000079272 100 $a20110610d2012 uy 0 101 0 $aeng 135 $aur|n|---||||| 181 $ctxt 182 $cc 183 $acr 200 00$aParadata and transparency in virtual heritage$b[electronic resource] /$fedited by Anna Bentkowska-Kafel, Hugh Denard, and Drew Baker 210 $aFarnham, Surrey, England $cAshgate$dc2012 215 $a1 online resource (366 p.) 225 1 $aDigital research in the arts and humanities 300 $aDescription based upon print version of record. 311 $a0-7546-7583-1 320 $aIncludes bibliographical references and index. 327 $apt. 1. Conventions and emerging standards -- pt. 2. Data interpretation: methods and tools -- pt. 3. Data management and communication -- pt. 4. Conclusion. 330 $aComputer-Generated Images (CGIs) are widely used and accepted in the world of entertainment but the use of the very same visualization techniques in academic research in the Arts and Humanities remains controversial. The techniques and conceptual perspectives on heritage visualization are a subject of an ongoing interdisciplinary debate. By demonstrating scholarly excellence and best technical practice in this area, this volume is concerned with the challenge of providing intellectual transparency and accountability in visualization-based historical research. Addressing a range of cognitive an 410 0$aDigital research in the arts and humanities. 606 $aCultural property$xDigitization 606 $aInterpretation of cultural and natural resources 606 $aVisualization$xData processing 606 $aDigital media 606 $aDigital images 606 $aVirtual reality 608 $aElectronic books. 615 0$aCultural property$xDigitization. 615 0$aInterpretation of cultural and natural resources. 615 0$aVisualization$xData processing. 615 0$aDigital media. 615 0$aDigital images. 615 0$aVirtual reality. 676 $a363.6/9 701 $aBentkowska-Kafel$b Anna$0862999 701 $aDenard$b Hugh$0953129 701 $aBaker$b Drew$0953130 801 0$bMiAaPQ 801 1$bMiAaPQ 801 2$bMiAaPQ 906 $aBOOK 912 $a9910465736503321 996 $aParadata and transparency in virtual heritage$92154784 997 $aUNINA